Spell the Marvel Character #43 - Statistics

General Stats
  • This quiz has been taken 34 times
  • The average score is 7 of 8
Answer Stats
Picture Answer % Correct
Captain America
100%
Iron Man
100%
Spider-Man
100%
Thor
100%
Elektra
81%
Jessica Jones
74%
U.S. Agent
74%
Justice
63%
No matching quizzes found
Score Distribution
Percent of People with Each Score
Percentile by Number Answered
Your Score History
You have not taken this quiz